Statistics for Top 50 UEFA Football Clubs

Click here to take the quiz!

General Stats

  • This quiz has been taken 97 times
  • The average score is 27 of 50

Answer Stats

RankingCountryLast Won Trophy (UEFA)Answer% Correct
1England2022-23 UCLManchester City
100%
3Spain2021-22 UCLReal Madrid
99%
2Germany2019-20 UCLBayern Munich
98%
14Italy2006-07 UCLAC Milan
95%
6England2018-19 UCLLiverpool
94%
5Italy2009-10 UCLInter Milan
93%
21Italy1995-96 UCLJuventus
93%
9Spain2014-15 UCLBarcelona
89%
16England2016-17 UELManchester United
89%
7EnglandN/AArsenal
88%
12Germany1996-97 UCLBorussia Dortmund
88%
17FranceN/AParis Saint-Germain
88%
10Spain2017-18 UELAtletico Madrid
87%
8Portugal2010-11 UELPorto
87%
27Netherlands1994-95 UCLAjax
81%
4Italy1988-89 UELNapoli
81%
11Portugal1961-62 UCLBenfica
80%
26England1983-84 UELTottenham Hotspur
75%
22Netherlands1987-88 UCLPSV Eindhoven
69%
43Italy2021-22 UECLRoma
69%
19England1981-82 UCLAston Villa
60%
15EnglandN/ANewcastle United
60%
46France1991-92 UCLOlympique Marseille
57%
25Netherlands2001-02 UELFeyenoord
55%
30ItalyN/ALazio
54%
13GermanyN/ARed Bull Leipzig
54%
24Germany1987-88 UELBayer Leverkusen
49%
38England2022-23 UECLWest Ham United
49%
47Scotland1966-67 UCLCeltic
45%
50ScotlandN/ARangers
40%
41PortugalN/ABraga
37%
28AustriaN/ARed Bull Salzburg
35%
33Spain2020-21 UELVillarreal
34%
40ItalyN/AFiorentina
31%
23SpainN/AReal Sociedad
27%
32Serbia1990-91 UCLRed Star Belgrade
27%
39ItalyN/AAtalanta
24%
31EnglandN/ABrighton & Hove Albion
23%
45GermanyN/AWolfsburg
20%
44SpainN/AReal Betis
19%
37Ukraine2008-09 UELShakhtar Donetsk
19%
34FranceN/ALens
16%
29GermanyN/AUnion Berlin
16%
36CzechiaN/ASlavia Prague
14%
48FranceN/ARennes
10%
20PortugalN/ASporting CP
10%
18EnglandN/ABrentford
8%
42EstoniaN/AFlora Tallinn
8%
49SpainN/AGirona
8%
35GermanyN/AFreiburg
5%

Score Distribution

Percentile by Number Answered

Percent of People with Each Score

Your Score History

You have not taken this quiz